Quantitative methods for business, management & finance (Record no. 48171)

MARC details
000 -LEADER
fixed length control field 00591nam a2200205Ia 4500
008 - FIXED-LENGTH DATA ELEMENTS--GENERAL INFORMATION
fixed length control field 191130s2010##################000#0#eng##
020 ## - INTERNATIONAL STANDARD BOOK NUMBER
International Standard Book Number 9780230218246
040 ## - CATALOGING SOURCE
Original cataloging agency ACL
Transcribing agency ACL
082 ## - DEWEY DECIMAL CLASSIFICATION NUMBER
Classification number 650.01513 SWI
100 ## - MAIN ENTRY--PERSONAL NAME
Personal name Swift, louise
245 ## - TITLE STATEMENT
Title Quantitative methods for business, management & finance
Statement of responsibility, etc. Louise swift & Sally piff
250 ## - EDITION STATEMENT
Edition statement 3rd ed
260 ## - PUBLICATION, DISTRIBUTION, ETC.
Place of publication, distribution, etc. Basingstoke
Name of publisher, distributor, etc. Palagrave Macmillan
Date of publication, distribution, etc. 2010
300 ## - PHYSICAL DESCRIPTION
Extent xxiii, 832 p. : ill.
500 ## - GENERAL NOTE
General note Includes index
700 ## - ADDED ENTRY--PERSONAL NAME
Personal name Piff, Sally
990 ## - EQUIVALENCES OR CROSS-REFERENCES [LOCAL, CANADA]
Link information for 9XX fields 2482df92ac10000c53bc22369f8cb782
991 ## -
-- 438279
Holdings
Withdrawn status Lost status Materials specified (bound volume or other part) Damaged status Not for loan Home library Current library Shelving location Date acquired Total Checkouts Full call number Barcode Date last seen Price effective from Koha item type
    pbk     Anna Centenary Library Anna Centenary Library 6TH FLOOR, A WING 09.10.2020   650.01513 SWI 306232 09.10.2020 09.10.2020 English Books

Find us on the map